| 000 | 00895nas a2200289 4500 | ||
|---|---|---|---|
| 001 | BR2010004669 | ||
| 003 | BR-BrBNA | ||
| 005 | 20231205114302.0 | ||
| 007 | ta | ||
| 008 | 230509b bl.|||p| |||| 00| 00por d | ||
| 040 |
_aBR-BrBNA _bpor _cBiblioteca Nacional de Agricultura |
||
| 041 | _a(Pt) | ||
| 072 | _aL72 | ||
| 100 | 1 | _aCarneiro, M.B. | |
| 100 | 1 | _aBernardo, C. das C. | |
| 100 | 1 | _aCalais Júnior, A. de | |
| 100 | 1 | _aAlves, D.P. | |
| 100 | 1 | _aPereira Júnior, O. dos S. | |
| 100 | 1 | _aMartins, I.V.F. | |
| 245 | 1 | _aFascíola hepatica em búfalos (Bubalus bubalis)no sul do Espírito Santo | |
| 650 | _aBÚFALO | ||
| 650 | _aFASCIOLOSE | ||
| 650 | _aESPÍRITO SANTO | ||
| 773 | 0 |
_tRevista Brasileira de Medicina Veterinária (Brazil) _xISSN 0100-2430 _g(Apr-Jun 2010), v. 32(2) p. 89-91 _wBR2010004669 |
|
| 909 |
_a202311 _bLúcia _c55 _dLúcia Elande |
||
| 942 |
_2AGRIS _n0 _cANA |
||
| 999 |
_c208030 _d208030 |
||